NBA 2k21 all-time Houston Rockets - Statistics

General Stats
  • This quiz has been taken 164 times
  • The average score is 9 of 15
Answer Stats
Overall Player % Correct
96 James Harden
100%
98 Hakeem Olajuwon
96%
92 Yao Ming
87%
92 Tracy McGrady
81%
90 Chris Paul
78%
93 Clyde Drexler
75%
97 Moses Malone
65%
87 Kenny Smith
58%
89 Ralph Sampson
48%
88 Steve Francis
45%
92 Calvin Murphy
40%
88 Rudy Tomjanovich
38%
89 Elvin Hayes
32%
86 Otis Thorpe
31%
83 Vernon Maxwell
28%
No matching quizzes found
Score Distribution
Percent of People with Each Score
Percentile by Number Answered
Your Score History
You have not taken this quiz